000 00675cam a2200253 4500
008 090401t1997 xxu||||| |||| 00| 0 eng d
020 _a0952548216
035 _a(Sirsi) u78514
041 _aeng
050 _a690.241
100 _aCrewdson, Richard
245 3 _aAn insurance manual for historic houses.
260 _aLondon
_bHistoric Houses Association
_c1997
300 _a96p. : ill. ; 21cm.
350 _a17.25
650 _aHISTORIC BUILDINGS
650 _aInsurance
_96249
650 _aRISK ASSESSMENT
650 _aValuation
_96273
690 _aINSURANCE
_96249
710 _aHistoric Houses Association
_92072
942 _n0
948 _c22/05/1997
999 _c96456
_d96456